000
00244nam a2200097Ia 4500
005
20251222114346.0
008
251222s1900||||xx |||||||||||||| ||spa||
082
_a
DVD0112/M53.1/2004
245
0
_a
Descubriendo el mundo junto a Mozart:
942
_c
DVD
999
_c
1036
_d
1036